000 00242nam a2200097 a 4500
005 20200930011651.0
008 100921s2001 000 spa d
245 3 _aEl municipio que tenemos.
260 _aSanto Domingo,
_c2001.
999 _c21779
_d21779
040 _aDO-SdBNP